| Tag |
First Indicator |
Second Indicator |
Subfields |
| LEADER |
00000cam a22000008a 4500 |
| 001 |
in00001242011 |
| 005 |
20151003072523.0 |
| 008 |
941109s1995 enkab b 001 0 eng |
| 010 |
|
|
|a 94043478
|
| 020 |
|
|
|a 1857280369
|
| 035 |
|
|
|a (OCoLC)31604548
|
| 035 |
|
|
|9 AGT6727AM
|
| 040 |
|
|
|a DLC
|c DLC
|d AKR
|d LDL
|d TXA
|d UtOrBLW
|
| 049 |
|
|
|a TXAM
|
| 050 |
0 |
0 |
|a QE522
|b .M66 1995
|
| 082 |
0 |
0 |
|a 551.2/1/072
|2 20
|
| 245 |
0 |
0 |
|a Monitoring active volcanoes :
|b strategies, procedures and techniques /
|c edited by Bill McGuire, Christopher Kilburn, John Murray.
|
| 263 |
|
|
|a 9501
|
| 264 |
|
1 |
|a London :
|b UCL Press,
|c 1995.
|
| 300 |
|
|
|a x, 421 pages :
|b illustrations, maps ;
|c 26 cm.
|
| 336 |
|
|
|a text
|b txt
|2 rdacontent
|
| 337 |
|
|
|a unmediated
|b n
|2 rdamedia
|
| 338 |
|
|
|a volume
|b nc
|2 rdacarrier
|
| 504 |
|
|
|a Includes bibliographical references and index.
|
| 650 |
|
0 |
|a Volcanism
|x Research
|x Methodology.
|
| 700 |
1 |
|
|a McGuire, Bill,
|d 1954-
|
| 700 |
1 |
|
|a Kilburn, Christopher R. J.
|
| 700 |
1 |
|
|a Murray, John.
|
| 999 |
|
|
|a MARS
|
| 999 |
f |
f |
|s 2a1579b1-1639-3671-847d-9e5fc1bcaf65
|i 196d776a-e8a2-3fc0-af0a-6df49ebe0e7f
|t 0
|
| 952 |
f |
f |
|p ric
|a Texas A&M University
|b Rellis Campus
|c Joint Library Facility
|s JLF
|d Remote Storage
|t 0
|e QE522 .M66 1995
|h Library of Congress classification
|i unmediated -- volume
|m A14819263175
|
| 998 |
f |
f |
|a QE522 .M66 1995
|t 0
|l Remote Storage
|